| 000 | 00428nam a2200157 i 4500 | ||
|---|---|---|---|
| 001 | 51478 | ||
| 003 | ES-MaACL | ||
| 005 | 20230906162353.0 | ||
| 007 | t| | ||
| 008 | 030813s1931 sp ||||1| spa d | ||
| 100 | 1 |
_aDalí, Salvador. _942483 |
|
| 245 | 1 | 0 |
_aCosas de la dictadura _b: para muestra un botón / _cSalvador Dalí. |
| 260 |
_aFigueras : _b[s.n.], _c1931. |
||
| 300 |
_a2 h. ; _c24 cm. |
||
| 852 |
_aES-MaACL _j1750-F-5 |
||
| 999 |
_c51478 _d51478 |
||